zpět

Detail výsledku týmu

Na Dlouhé, Olomouc

Datum a čas kvízu

24.5 Celkem bodů Celkový počet nahraných bodů na tomto kvízu bez doplňovacích otázek.
6. Pořadí na kvízu Konečné umístění týmu na tomto kvízu.

Zaznamenané odpovědi

# Otázka Odpověď Body Výsledky
1. Aktuální popularity čínské zub... Jana Maláčová 1
2. Britský magazín Time Out každo... Bangkok 0
3. „Vaše učitelka angličtiny a vá... Taylor Swift; Travis Kelce 1
4. Ve čtvrtek sjel z výrobní link... Švédsko 0
5. Italskému fotografovi Rayovi G... Jasmine Paolini 0
6. Jak se nazývá věda, která se z... adiktologie 1
7. Na čem je závislý člověk, kter... na internetu a digitálních technologiích 1
8. Na fotografii vidíte asi nejzn... Katka, Helena Třeštíková 1
9. Při léčbě některých závislostí... C 0
10. Téma zakončíme u knih. Všechny... 1D 2C 3A 4B 1